けいおん! 楽曲 - Statistics

General Stats
  • This quiz has been taken 30 times
  • The average score is 11 of 67
Answer Stats
アニメ OP/ED アーティスト名 楽曲名 % Correct
けいおん! ED 桜高軽音部 Don't say "lazy"
77%
けいおん! IN 桜高軽音部 ふわふわ時間
73%
けいおん!! OP 放課後ティータイム GO! GO! MANIAC
69%
けいおん!! IN 放課後ティータイム ごはんはおかず
58%
けいおん!! ED 放課後ティータイム NO, Thank You!
58%
けいおん! OP 桜高軽音部 Cagayake!GIRLS
54%
けいおん!! ED 放課後ティータイム Listen!!
54%
けいおん! IN 放課後ティータイム ふでペン 〜ボールペン〜
50%
けいおん!! IN 放課後ティータイム 天使にふれたよ!
50%
けいおん!! OP 放課後ティータイム Utauyo!!MIRACLE
50%
けいおん!! IN 放課後ティータイム ぴゅあぴゅあはーと
38%
けいおん!! IN 放課後ティータイム U&I
38%
けいおん! IN 放課後ティータイム カレーのちライス
35%
けいおん! IN 放課後ティータイム わたしの恋はホッチキス
35%
映画けいおん! OP 放課後ティータイム いちばんいっぱい
31%
映画けいおん! ED 放課後ティータイム Singing!
31%
映画けいおん! TM 放課後ティータイム Unmei♪wa♪Endless!
31%
けいおん! CS 平沢唯 (CV: 豊崎愛生) ギー太に首ったけ
27%
けいおん!! CS 放課後ティータイム 五月雨20ラブ
27%
けいおん!! CS 放課後ティータイム 冬の日
23%
けいおん!! CS 放課後ティータイム いちごパフェが止まらない
19%
けいおん!! IN 放課後ティータイム Honey sweet tea time
19%
けいおん!! CS 放課後ティータイム ときめきシュガー
15%
映画けいおん! CW 放課後ティータイム おはよう、またあした
15%
けいおん! CS 中野梓 (CV: 竹達彩奈) 私は私の道を行く
12%
けいおん!! CS 各ソロver. Come with Me!!
12%
けいおん!! CS 平沢唯 (CV: 豊崎愛生) Oh My ギー太!!
12%
けいおん! CS 各ソロver. 『レッツゴー』
8%
けいおん!! IN DEATH DEVIL ラヴ
8%
けいおん!! CS 放課後ティータイム 放課後ティータイム
8%
けいおん!! CW 放課後ティータイム キラキラDays
8%
けいおん!! CW 放課後ティータイム Genius…!?
8%
けいおん!! CW 放課後ティータイム Girls in Wonderland
8%
けいおん! CS 琴吹紬 (CV: 寿美菜子) Humming Bird
8%
けいおん! CS 中野梓 (CV: 竹達彩奈) じゃじゃ馬Way To Go
8%
映画けいおん! IN DEATH DEVIL
4%
けいおん! CS 琴吹紬 (CV: 寿美菜子) Dear My Keys 〜鍵盤の魔法〜
4%
けいおん!! IN DEATH DEVIL GENOM
4%
けいおん! CW 桜高軽音部 Happy!? Sorry!!
4%
けいおん! CS 秋山澪 (CV: 日笠陽子) Heart Goes Boom!!
4%
けいおん! CS 平沢憂 (CV: 米澤円) Lovely Sister LOVE
4%
けいおん! IN DEATH DEVIL Maddy Candy
4%
けいおん!! CW 放課後ティータイム Our MAGIC
4%
けいおん! CS 平沢唯 (CV: 豊崎愛生) Sunday Siesta
4%
けいおん! CW 桜高軽音部 Sweet Bitter Beauty Song
4%
けいおん! CS 真鍋和 (CV: 藤東知夏) プロローグ
0%
けいおん!! CS 平沢唯 (CV: 豊崎愛生) しあわせ日和
0%
けいおん!! CS 秋山澪 (CV: 日笠陽子) 蒼空のモノローグ
0%
けいおん!! CS 田井中律 (CV: 佐藤聡美) 夕空ア・ラ・カルト
0%
けいおん!! CS 琴吹紬 (CV: 寿美菜子) 野性の情熱
0%
けいおん! CS 田井中律 (CV: 佐藤聡美) 目指せハッピー100%↑↑↑
0%
けいおん!! CS 鈴木純 (CV: 永田依子) 純情Bomber!!
0%
けいおん! CS 真鍋和 (CV: 藤東知夏) Coolly Hotty Tension Hi!!
0%
けいおん!! CS 琴吹紬 (CV: 寿美菜子) Diaryはフォルテシモ
0%
けいおん!! CS 田井中律 (CV: 佐藤聡美) Drumming Shining My Life
0%
けいおん! CS 田井中律 (CV: 佐藤聡美) Girly Storm 疾走 Stick
0%
けいおん! CS 秋山澪 (CV: 日笠陽子) Hello Little Girl
0%
けいおん! IN DEATH DEVIL Hell The World
0%
けいおん!! CS 中野梓 (CV: 竹達彩奈) Joyful Todays
0%
けいおん!! CS 真鍋和 (CV: 藤東知夏) Jump
0%
けいおん!! CS 真鍋和 (CV: 藤東知夏) ひだまりLiving
0%
けいおん!! CS 鈴木純 (CV: 永田依子) Midnight スーパースター☆☆☆
0%
けいおん!! CS 平沢憂 (CV: 米澤円) ウキウキNew! My Way
0%
けいおん! CS 平沢憂 (CV: 米澤円) Oui!愛言葉
0%
けいおん!! CS 中野梓 (CV: 竹達彩奈) Over the Starlight
0%
けいおん!! CS 平沢憂 (CV: 米澤円) Shiny GEMS
0%
けいおん!! CS 秋山澪 (CV: 日笠陽子) 青春Vibration
0%
No matching quizzes found
Score Distribution
Percent of People with Each Score
Percentile by Number Answered
Your Score History
You have not taken this quiz